000 00251nam a22000857a 4500
008 161122b xxu||||| |||| 00| 0 eng d
100 _91324
_aGupta. S
245 _aEssential english grammer & composition - 4
260 _aNew delhi
_bNavdeep publications
_c2004
999 _c4036
_d4036